| 000 | 00639nam a22001937a 4500 | ||
|---|---|---|---|
| 999 |
_c20457 _d20457 |
||
| 003 | AR-CdUCM | ||
| 008 | 190530b ||||| |||| 00| 0 spa d | ||
| 040 |
_aMUNICIPALIDAD PROVINCIAL DEL CUSCO _cBIBLIOTECA MUNICIPAL DEL CUSCO |
||
| 082 |
_a363.7 / _bM44 |
||
| 100 |
_aMeseldzic de Pereyra, Zivana _942777 |
||
| 245 | _aContaminación ambiental y América Latina / | ||
| 260 |
_aLima : _bEdit. Jurídica, _c1974. |
||
| 300 |
_a214 páginas ; _c25 cm. |
||
| 505 | _aContenido: Contaminación en América Latina. | ||
| 650 |
_aContaminación _98804 |
||
| 650 |
_aAmérica Latina _91130 |
||
| 942 |
_2ddc _cLIBROS |
||
| 945 |
_adavv _d2019-05-30 |
||